Treaties and alliances of the world / (Record no. 9984)

MARC details
000 -LEADER
fixed length control field 00828nac a22002651u 4500
010 ## - LIBRARY OF CONGRESS CONTROL NUMBER
LC control number 96128521
020 ## - INTERNATIONAL STANDARD BOOK NUMBER
International Standard Book Number 1860670210 :
020 ## - INTERNATIONAL STANDARD BOOK NUMBER
International Standard Book Number 1561591718 :
082 00 - DEWEY DECIMAL CLASSIFICATION NUMBER
Classification number 341.026
Item number Ren
090 ## - LOCALLY ASSIGNED LC-TYPE CALL NUMBER (OCLC); LOCAL CALL NUMBER (OCLC)
-- 9984
-- 9984
100 ## - MAIN ENTRY--PERSONAL NAME
Personal name Rengger, N. J.
245 00 - TITLE STATEMENT
Title Treaties and alliances of the world /
Statement of responsibility, etc N.J. Rengger with John Campbell.
250 ## - EDITION STATEMENT
Edition statement 6th ed.
260 ## - PUBLICATION, DISTRIBUTION, ETC. (IMPRINT)
Place of publication, distribution, etc London, U.K. :
Name of publisher, distributor, etc Cartermill,1995
Date of publication, distribution, etc c1995.
300 ## - PHYSICAL DESCRIPTION
Extent vi, 538 p. :
Other physical details maps ;
Dimensions 26 cm.
500 ## - GENERAL NOTE
General note Donations - AUC.
500 ## - GENERAL NOTE
General note Donations.
504 ## - BIBLIOGRAPHY, ETC. NOTE
Bibliography, etc Includes bibliographical references (p. 509-514) and index.
511 ## - PARTICIPANT OR PERFORMER NOTE
Participant or performer note Catalogued by: Sara.
650 #0 - SUBJECT ADDED ENTRY--TOPICAL TERM
Topical term or geographic name as entry element Treaties.
650 #0 - SUBJECT ADDED ENTRY--TOPICAL TERM
Topical term or geographic name as entry element Alliances.
650 #0 - SUBJECT ADDED ENTRY--TOPICAL TERM
Topical term or geographic name as entry element Treaties
General subdivision Collections.
700 1# - ADDED ENTRY--PERSONAL NAME
Personal name Campbell, John
Fuller form of name (John R. E.)
942 ## - ADDED ENTRY ELEMENTS (KOHA)
Item type NB - Book (Non borrowing)
Call number prefix 341.026REN
Holdings
Withdrawn status Item status Damaged status Not for loan Home library Current library Shelving location Date acquired Source of acquisition Total Checkouts Full call number Barcode Date last seen Koha item type
        Central Library Central Library First floor 08/07/2013 Purchase   341.026REN 000013054 15/07/2025 NB - Book (Non borrowing)